|
|
|
|
| LEADER |
00855nam a2200205 i 4500 |
| 001 |
misc74458 |
| 005 |
20231221113549.0 |
| 008 |
231211s1928 hu o 000 hun d |
| 040 |
|
|
|a SZTE Miscellanea Repozitórium
|b hun
|
| 041 |
|
|
|a hun
|
| 100 |
2 |
|
|a Marjalaki K. Lajos
|
| 245 |
1 |
0 |
|a Földrajz a polgári leányiskolák számára - III. rész
|h [elektronikus dokumentum] :
|b idegen világrészek, Magyarország áttekintése /
|c Marjalaki K. Lajos
|
| 260 |
|
|
|a Királyi Magyar Egyetemi Nyomda
|b Budapest
|c 1928
|
| 300 |
|
|
|a 96
|
| 561 |
|
|
|a Archív földrajztankönyvek
|
| 591 |
|
|
|a Dr. Szilassi Péter magángyűjteménye
|
| 650 |
|
4 |
|a Természettudományok
|
| 650 |
|
4 |
|a Föld- és kapcsolódó környezettudományok
|
| 695 |
|
|
|a Földrajz - középiskola - tankönyv
|
| 856 |
4 |
0 |
|u http://misc.bibl.u-szeged.hu/74458/1/foldrajz_tankonyv_078.pdf
|z Dokumentum-elérés
|